les pays les plus ronds au monde - Statistiques

Statistiques générales
  • Ce quiz a été pris 59 fois
  • Le résultat moyen est 2 sur 10
Statistiques - réponses
Hint Réponse % Correct
7 Eswatini
44%
8 Uruguay
35%
2 nauru
33%
4 Pologne
29%
9 Roumanie
29%
1 sierra leone
25%
3 Zimbabwe
22%
5 Côte d'Ivoire
11%
10 Soudan
11%
6 Suriname
5%
Aucun quiz correspondant
Distribution des résultats
% des personnes avec chaque résultat
Percentile par nombre de réponses
Votre historique - résultats
Vous n’avez pas pris ce quiz